000 00691cam a22002174a 4500
005 20260205132331.0
008 990209s1999 nyua b 001 0 eng
020 _a0231115903
_qcloth : alk. paper
020 _a0231115911
_qpbk.
020 _a9780231115919
_q(pbk.)
040 _aKABLIB
_cKABLIB
_erda
082 0 0 _a321.8
_223
_bTRA
245 0 0 _aTransitions to democracy /
_cLisa Anderson, (editor).
260 _aNew York :
_bColumbia University Press,
_cc1999.
300 _aviii, 316 p. :
_bill. ;
_c24 cm.
504 _aIncludes bibliographical references, index.
650 0 _aDemocracy.
650 0 _aDemocratization.
700 1 _aAnderson, Lisa,
_d1950-
_915338
942 _2ddc
_cBOOK
999 _c6054
_d6054